000 00407nam a2200181Ia 4500
000 00746ngmaa2200277 a 4500
003 RNL
006 g||||fr|||| a0| fz
007 hj bfb|||baap
008 090707b ii f a fnsan d
040 _aeng
100 _aBhatti, Surjit Singh
245 _aPragatiwad kav chetna
260 _aLudhiana
260 _bChetna Park.
260 _c2017
942 _cBK
999 _c27192
_d27192